000 00670cam a22002293a 4500
001 15746
003 PGUSA
005 20140828083334.0
008 050502s2005||||xxu|||||s|||||000 1 eng d
040 _aPGUSA
_beng
042 _adc
050 4 _aPZ
100 1 _aMunroe, Kirk,
_d1850-1930
245 1 4 _aThe Flamingo Feather
_h[electronic resource] /
_cKirk Munroe
260 _bProject Gutenberg,
_c2005
506 _aPublic domain in the USA.
516 _aElectronic text
653 _aFlorida -- History -- Huguenot colony, 1562-1565 -- Juvenile fiction
830 0 _aProject Gutenberg
_v15746
856 4 0 _uhttp://www.gutenberg.org/ebooks/15746
942 _cEB
999 _c245001
_d245001